000 00765cam a2200277 4500500
005 20260329005301.0
041 _afre
042 _adc
100 1 0 _aDurand, Jean-Marie
_eauthor
245 0 0 _aLes Sociétés du profilage
260 _c2023.
500 _a23
690 _aContrôle
690 _aCrédit social
690 _aGafam
690 _aGouvernementalité
690 _aInternet
690 _aNumérique
690 _aPhilippe Huneman
690 _aPrédiction
690 _aPrévision
690 _aProfil
690 _aSurveillance
786 0 _nPhilosophie magazine | 167 | 2 | 2023-03-01 | p. 65-65 | 1951-1787
856 4 1 _uhttps://shs.cairn.info/magazine-philosophie-magazine-2023-2-page-65?lang=fr&redirect-ssocas=7080
999 _c1841950
_d1841950